Astronomie - Décodeur - Statistiques

Statistiques générales
  • Ce quiz a été pris 6 810 fois
  • Le résultat moyen est 15 sur 21
Statistiques - réponses
Groupes Indices Réponse % Correct
Indices S Objet spatial qui tourne autour d'une planète. Satellite
95%
Indices U Septième planète du système solaire. Uranus
94%
Indices E Phénomène qui se produit lorsque la Lune passe devant le Soleil. Éclipse solaire
93%
Indices A Premier humain à marcher sur la Lune. Neil Armstrong
93%
Indices B Modèle qui marquerait le début de l'Univers, il y a 13,8 milliards d'années. Big Bang
91%
Indices N Sigle de l'agence spatiale états-unienne. NASA
90%
Indices R Robot le plus emblématique de la saga Star Wars. R2-D2
90%
Indices L Phénomène dont la vitesse est utilisée pour calculer des distances dans l'espace. Lumière
86%
Indices E Qualifie la vie venant d'une autre planète que la notre. Extraterrestre
85%
Indices N Mathématicien formulant la loi de la gravitation. Isaac Newton
85%
Indices U Premier état à envoyer un humain dans l'espace. URSS
85%
Indices M Objet spatial traversant l'atmosphère et atteignant la surface de notre planète. Météorite
78%
Indices H Théorie physique défendue par Copernic puis Galilée. Héliocentrisme
75%
Indices N Étoile relativement petite présentant une faible luminosité. Naine
65%
Indices O Courbe fermée représentant la trajectoire qu'emprunte un objet céleste. Orbite
62%
Indices O Chasseur géant de la mythologie grecque donnant son nom à une constellation. Orion
58%
Indices P Après le Soleil, étoile la plus proche de la Terre. Proxima du Centaure
58%
Indices O Volcan qui est le plus haut sommet de Mars. Olympus Mons
49%
Indices T Nom donné aux astronautes chinois. Taïkonaute
45%
Citation "Houston, on a un problème."
42%
Indices O Nuage hypothétique de corps planétésimaux aux limites du système solaire. nuage d'{Oort}
22%
Aucun quiz correspondant
Distribution des résultats
% des personnes avec chaque résultat
Percentile par nombre de réponses
Votre historique - résultats
Vous n’avez pas pris ce quiz